| 000 | 00687nam a22001937a 4500 | ||
|---|---|---|---|
| 005 | 2010072606516.0 | ||
| 010 | _aENG-96828 | ||
| 020 |
_a8175243473 _c250.00 |
||
| 035 | _aEN-80361 | ||
| 037 | _bDBAD/PUB | ||
| 082 | _a796.01 | ||
| 245 |
_aScientific apparatus in sports Psychology / _ccompiled by Shashi Prabha Verma |
||
| 260 |
_aNew Delhi _bKhel sahitya kendra _c2010 |
||
| 270 | _a7/26, Ansari Road Darya Ganj | ||
| 300 |
_a119 p _c21 cm (Hb) |
||
| 700 |
_aVerma Shashi Prabha _91557 |
||
| 942 |
_2ddc _cEN _h796.01 _mPSY |
||
| 999 |
_c37783 _d37783 |
||